| 000 | 00809nam a22002657a 4500 | ||
|---|---|---|---|
| 003 | dpl | ||
| 005 | 20180809133407.0 | ||
| 008 | 180809b xxu||||| |||| 00| 0 eng d | ||
| 010 | _aB-219532 | ||
| 020 |
_c595.00 _a8183820514 |
||
| 035 | _aB-219532, B-219536 | ||
| 037 | _bCen Lib/Ret | ||
| 040 |
_aDPL _bEN _c0 |
||
| 082 |
_a305.568 _bSHY |
||
| 100 |
_aShyam Singh Shashi _938187 |
||
| 245 |
_aThe world of nomads / _cby Shyam Singh Shashi |
||
| 246 | _b | ||
| 260 |
_bLotus press _c2006 _aNew Delhi |
||
| 270 |
_bNew Delhi _a4263/3, Ansari road, Daryaganj _e110002 |
||
| 300 |
_a297p.: _c21cm(Hb) _bill. |
||
| 500 | _aIncludes bibliographical references and appendix | ||
| 650 |
_aManners and customs _938188 |
||
| 650 |
_aEthnology _938189 |
||
| 942 |
_2ddc _cEN _h305.568 _mSHY |
||
| 999 |
_c133528 _d133528 |
||